| 000 | 00640nam a2200217 u 4500 | ||
|---|---|---|---|
| 005 | 20240228063743.0 | ||
| 008 | 150318s2007 ag r 000 0 spa d | ||
| 020 | _a9789879011867 | ||
| 035 | _aUPN01000202573 | ||
| 049 | _aI | ||
| 050 | 4 |
_aPZ74.3 _bA7.73 |
|
| 100 | 1 |
_aArispe, Nicolás, _d1978- _936916 |
|
| 245 | 1 | 0 |
_aTé de palacio / _cNicolás Arispe. |
| 260 |
_aBuenos Aires : _bDel Eclipse, _c2007. |
||
| 300 |
_a[22] p. : _bprincipalmente il. col. |
||
| 440 | 0 | _aLibros - álbum del eclipse | |
| 650 | 4 |
_aRimas infantiles _910247 |
|
| 650 | 7 |
_aLibros ilustrados para niños _2 _921365 |
|
| 905 | _aInfantil | ||
| 999 |
_c174674 _d174674 |
||